Chanteurs ringards par image (extrême) - Statistiques

Statistiques générales
  • Ce quiz a été pris 168 fois
  • Le résultat moyen est 9 sur 20
Statistiques - réponses
Par images Réponse % Correct
Patrick Sébastien
84%
Michel Blanc
81%
Liane Foly
67%
Dave
66%
Mike Brant
60%
Peter et Sloane
55%
Francis Lalanne
52%
Patrick Juvet
52%
Philippe Risoli
51%
David et Jonathan
50%
Guy Marchand
48%
Hervé Vilard
42%
Gold
40%
Thierry Hazard
34%
Richard Anthony
29%
Yves Duteil
29%
Mort Shuman
26%
Philippe Lafontaine
12%
Richard Chanfray
6%
Romain Didier
4%
Aucun quiz correspondant
Distribution des résultats
% des personnes avec chaque résultat
Percentile par nombre de réponses
Votre historique - résultats
Vous n’avez pas pris ce quiz